[Event "It (cat 7)"]
[Site "Tula (Russia)"]
[Date "2007.02.15"]
[Round "5"]
[White "Tahirov Farhad (AZE)"]
[Black "Krasnov Yury A (RUS)"]
[Result "1-0"]
[WhiteElo "2540"]
[BlackElo "2179"]

1.d4 Nf6 2.c4 g6 3.g3 c6 4.Bg2 d5 5.cxd5 cxd5 6.Nf3 Nc6 7.Nc3 Bg7 8.O-O O-O
9.Ne5 Qb6 10.Nxc6 Qxc6 11.Bg5 e6 12.Bxf6 Bxf6 13.e4 Qb6 14.exd5 Qxb2 15.Rc1
exd5 16.Rc2 Qb4 17.Nxd5 Qxd4 18.Rd2 Qe5 19.Re1 Qd6 20.Ne7+ Qxe7 21.Rxe7 Bxe7
22.Bd5 Bc5 23.Qf3 Rb8 24.Qf4 Bd7 25.Bxf7+ Rxf7 26.Qxb8+ Bf8 27.Qxb7 Bh3 28.Qd5
Bh6 29.Rb2 Bd7 30.Rb7 Be8 31.Qe6 Kf8 32.Rb8 {#r} 1-0

[Event "It (open) (masters)"]
[Site "Bunratty (Ireland)"]
[Date "2007.02.25"]
[Round "5"]
[White "Van Voorthuijsen Peewee (NED)"]
[Black "Fedorowicz John P (USA)"]
[Result "0-1"]
[WhiteElo "2279"]
[BlackElo "2470"]

1.d4 Nf6 2.Nf3 g6 3.c4 Bg7 4.g3 O-O 5.Bg2 c6 6.Nc3 d5 7.cxd5 cxd5 8.Ne5 e6
9.O-O Nfd7 10.f4 f6 11.Nf3 f5 12.e3 Re8 13.Ne1 Nc6 14.g4 fxg4 15.Qxg4 Nf6
16.Qd1 Ne7 17.Rf2 Nf5 18.Rc2 Bd7 19.Nd3 Re7 20.Bd2 Be8 21.Rac1 Bf8 22.Ne5 Rg7
23.Ne2 g5 24.fxg5 Rxg5 25.Nf4 Qb6 26.Nf3 Rg7 27.Qe1 Bd7 28.Kh1 Re8 29.Bf1 Bb5
30.Bh3 Qd6 31.Rc8 Ne4 32.Rxe8 {#R} 0-1

[Event "Bayern Regionalliga Southeast 2006/07"]
[Site "Bayern (Germany)"]
[Date "2007.04.22"]
[Round "9"]
[White "Soergel Thomas (GER)"]
[Black "Graf Christian (GER)"]
[Result "0-1"]
[WhiteElo "2097"]
[BlackElo "2137"]

1.c4 c6 2.g3 d5 3.cxd5 cxd5 4.Nf3 Nc6 5.d4 Nf6 6.Bg2 g6 7.O-O Bg7 8.Nc3 O-O
9.a3 b6 10.b4 Ne4 11.Bb2 Nxc3 12.Bxc3 a6 13.Qb3 Bb7 14.Rfd1 e6 15.Rac1 b5
16.Rd3 Qb6 17.Qb2 Rfc8 18.Bd2 h6 19.h4 h5 20.Bf4 Kh7 21.Rdd1 a5 22.Ne5 Nxe5
23.dxe5 axb4 24.axb4 Rc4 25.Rxc4 dxc4 26.Rd6 Qxd6 {#R} 0-1

[Event "NRW Klasse 1 2006/07"]
[Site "Germany"]
[Date "2007.05.06"]
[Round "9"]
[White "Fehmer Carsten (GER)"]
[Black "Meertens Martin (GER)"]
[Result "0-1"]
[WhiteElo "2109"]
[BlackElo "2192"]

1.d4 d5 2.c4 c6 3.cxd5 cxd5 4.Nf3 Nf6 5.Nc3 g6 6.g3 Bg7 7.Bg2 O-O 8.O-O Ne4
9.Nxe4 dxe4 10.Ng5 Qxd4 11.Nxe4 Nc6 12.Nc3 Qg4 13.Bf3 Qh3 14.Bg2 Qh5 15.Nd5
Rd8 16.Nxe7+ Kh8 17.Nd5 Bg4 18.Qa4 Rxd5 19.Bxd5 Nd4 20.Bf3 Nxf3+ 21.exf3 Bxf3
22.Re1 Qh3 {#R} 0-1

[Event "Tournament (Elo)"]
[Site "Santa Cruz del Norte (Cuba)"]
[Date "2007.06.18"]
[Round "3"]
[White "Bacallao Yusnel (CUB)"]
[Black "Alvarez Chang"]
[Result "0-1"]
[WhiteElo "2370"]
[BlackElo "2203"]

1.Nf3 d5 2.g3 Nf6 3.Bg2 g6 4.O-O Bg7 5.d4 O-O 6.c4 c6 7.cxd5 cxd5 8.Nc3 Ne4
9.e3 Nxc3 10.bxc3 Nc6 11.Nd2 Na5 12.Ba3 Bf5 13.Qa4 Re8 14.Qb5 e6 15.Qe2 Bc2
16.Rfc1 Ba4 17.Rab1 Bc6 {#R} 0-1

[Event "It (open)"]
[Site "Pula (Croatia)"]
[Date "2007.06.24"]
[Round "2"]
[White "Medak Bojan (CRO)"]
[Black "Kosir Franci (SLO)"]
[Result "1-0"]
[WhiteElo "2374"]
[BlackElo "2107"]

1.d4 Nf6 2.g3 d5 3.Bg2 g6 4.c4 c6 5.Nf3 Bg7 6.O-O O-O 7.cxd5 cxd5 8.Nc3 Nc6
9.Ne5 Bf5 10.Nxc6 bxc6 11.Na4 Re8 12.b3 Nd7 13.Bb2 Rc8 14.Rc1 Nb6 15.Nc5 e5
16.dxe5 Bxe5 17.Bxe5 Rxe5 18.e3 Nd7 19.Qd4 Re8 20.Nxd7 Qxd7 21.Rc5 Rc7 22.Rfc1
h5 23.Bxd5 cxd5 24.Rxc7 Qb5 25.Rxa7 {#r} 1-0

[Event "Ch Netherlands (open)"]
[Site "Dieren (Netherlands)"]
[Date "2007.07.24"]
[Round "1"]
[White "Vogel Jaap (NED)"]
[Black "Haast Mark (NED)"]
[Result "1-0"]
[WhiteElo "2218"]
[BlackElo "2095"]

1.Nf3 c5 2.g3 Nc6 3.Bg2 g6 4.c3 Bg7 5.d4 cxd4 6.cxd4 Nf6 7.Nc3 d5 8.Ne5 O-O
9.O-O Be6 10.Nxc6 bxc6 11.Na4 Qc8 12.Bf4 Bh3 13.Be5 Bxg2 14.Kxg2 Qf5 15.Rc1
Rac8 16.Qc2 Qh5 17.h3 Bh6 18.e3 Ne4 19.f3 f6 20.Bf4 Bxf4 21.exf4 Nd6 22.Rfe1
Rf7 23.Nc5 Ne8 24.Ne6 Nd6 25.b3 Qh6 26.Qd3 g5 27.f5 {#r} 1-0

[Event "It (open)"]
[Site "Dubna (Russia)"]
[Date "2007.08.06"]
[Round "5"]
[White "Nasonov Vadim (RUS)"]
[Black "Dolsonov Ayusha (RUS)"]
[Result "0-1"]
[WhiteElo "2234"]
[BlackElo "2095"]

1.d4 d5 2.g3 Nf6 3.Bg2 g6 4.Nf3 Bg7 5.O-O O-O 6.c4 c6 7.cxd5 cxd5 8.Nc3 Nc6
9.Bf4 Bf5 10.Qb3 Na5 11.Qa3 Nc4 12.Qb4 Qb6 13.Nxd5 Nxd5 14.Qxc4 Nxf4 15.gxf4
Qxb2 16.Ne5 Rac8 17.Qa4 Qxe2 18.Qxa7 Qd2 19.Qxb7 Qxd4 20.Nc6 Qxf4 21.Nxe7+ Kh8
22.Nd5 Qg5 23.f4 Qg4 24.Rad1 Be4 25.Rd2 Bc3 26.h3 Qg3 27.Qb3 Bd4+ 28.Kh1 Rc3
{#R} 0-1

[Event "Tournament (open)"]
[Site "Pisignano (Italy)"]
[Date "2007.08.08"]
[Round "2"]
[White "Dell'Anna Michele"]
[Black "Rotelli Pietro (ITA)"]
[Result "0-1"]
[WhiteElo "1858"]
[BlackElo "2007"]

1.c4 c6 2.g3 Nf6 3.Bg2 g6 4.Nf3 Bg7 5.O-O O-O 6.d4 d5 7.cxd5 cxd5 8.Nc3 Nc6
9.a3 e6 10.b4 b6 11.Qd3 Bb7 12.Bg5 h6 13.Bd2 Rc8 14.Rfc1 Ne8 15.Bf4 g5 16.Be3
Nd6 17.Nd2 Qf6 18.Nb3 Nf5 19.Na2 Ncxd4 20.Nxd4 Nxd4 21.Rab1 Nf5 22.Bd2 Nd6
23.e3 Qe7 24.Bc3 Bxc3 25.Nxc3 Rc4 26.Ne2 Rfc8 27.Rxc4 Rxc4 28.f4 Ba6 29.Qd2 f6
30.Nd4 Qd7 31.Nxe6 Bb7 32.Bxd5 Ne4 33.Nc5+ Bxd5 34.Nxd7 Nxd2 {#R} 0-1

[Event "It (open) (a)"]
[Site "Perm (Russia)"]
[Date "2007.08.10"]
[Round "7"]
[White "Losev Anatoly (RUS)"]
[Black "Goldshtein Grigory (RUS)"]
[Result "0-1"]
[WhiteElo "1962"]
[BlackElo "2096"]

1.Nf3 d5 2.g3 Nf6 3.Bg2 g6 4.O-O Bg7 5.c4 c6 6.cxd5 cxd5 7.d4 O-O 8.Nc3 Nc6
9.Bf4 Nh5 10.Bg5 h6 11.Be3 Nf6 12.Qd2 Ng4 13.Bf4 g5 14.h3 gxf4 15.hxg4 Bxg4
16.Qxf4 Bxf3 17.Qxf3 Nxd4 18.Qxd5 Qxd5 19.Bxd5 e6 20.Bg2 Rab8 21.Rad1 Rfd8
22.e3 Nc6 23.Rxd8+ Rxd8 24.Bxc6 bxc6 25.Rd1 Rb8 26.Rd2 a5 27.Kf1 a4 28.Ke1 a3
{#R} 0-1

[Event "Ch Tatarstan (open)"]
[Site "Kazan (Russia)"]
[Date "2007.08.21"]
[Round "2"]
[White "Zakharchev Vasily V (RUS)"]
[Black "Yandemirov Valeri (RUS)"]
[Result "0-1"]
[WhiteElo "2228"]
[BlackElo "2468"]

1.d4 Nf6 2.c4 g6 3.g3 c6 4.Bg2 d5 5.cxd5 cxd5 6.Nc3 Bg7 7.Nf3 O-O 8.O-O Ne4
9.Qb3 Nxc3 10.bxc3 Nc6 11.Nd2 e6 12.e4 Na5 13.Qb5 Bd7 14.Qd3 Bc6 15.e5 Qd7
16.Re1 Bb5 17.Qf3 Rfc8 18.Nb3 Nc4 19.h4 Rc7 20.Bf1 Nb6 21.Nc5 Qe8 22.Bxb5 Qxb5
23.a4 Qe8 24.a5 Nc4 25.Bg5 Nxe5 26.Rxe5 Bxe5 27.dxe5 Rxc5 28.h5 Rac8 29.Qf6
Qf8 30.hxg6 fxg6 31.Qxe6+ Qf7 32.Qg4 Qf5 33.Qxf5 {#R} 0-1

[Event "It (open) \"]
[Site "Berlin (Germany)"]
[Date "2007.08.24"]
[Round "7"]
[White "Gebigke Martin (GER)"]
[Black "Petzold Lutz Lukas (GER)"]
[Result "0-1"]
[WhiteElo "2142"]
[BlackElo "2239"]

1.d4 Nf6 2.g3 g6 3.Bg2 d5 4.Nf3 Bg7 5.c4 c6 6.O-O O-O 7.cxd5 cxd5 8.Ne5 Ng4
9.Nxg4 Bxg4 10.Qb3 Bxe2 11.Qxb7 Bxf1 12.Bxd5 Nc6 13.Bxc6 Rb8 14.Qxa7 Bxd4
15.Qa4 Bh3 16.Nc3 Bxc3 17.bxc3 Qd3 18.Bg2 Bxg2 19.Kxg2 Qxc3 {#R} 0-1

[Event "Tournament (team) \"]
[Site "Gniezno (Poland)"]
[Date "2007.08.25"]
[Round "8"]
[White "Fidor Mariusz"]
[Black "Chwalewski Marek (POL)"]
[Result "0-1"]
[WhiteElo "1400"]
[BlackElo "1995"]

1.c4 g6 2.Nc3 Bg7 3.g3 c6 4.Bg2 Nf6 5.Nf3 d5 6.cxd5 cxd5 7.d4 Nc6 8.O-O O-O
9.Bf4 Nh5 10.Qd2 Nxf4 11.Qxf4 f6 12.Qd2 Be6 13.e4 dxe4 14.Nxe4 Bd5 15.Rfe1 e6
16.Nc5 Re8 17.Nxb7 Qc7 18.Nc5 Rad8 19.Rac1 e5 20.Nb3 e4 21.Nh4 f5 22.Na5 Qxa5
23.Qxa5 Nxa5 24.Rc5 Nc4 25.Bf1 Nxb2 26.Rb1 Bxd4 27.Rb5 Nd3 {#R} 0-1

[Event "Cup Cheliabinsk Chess Federation"]
[Site "Cheliabinsk (Russia)"]
[Date "2007.09.05"]
[Round "4"]
[White "Savchuk Nikita (RUS)"]
[Black "Iljnykh Evgeni (RUS)"]
[Result "0-1"]
[WhiteElo "2144"]
[BlackElo "2043"]

1.d4 Nf6 2.c4 g6 3.Nf3 Bg7 4.g3 O-O 5.Bg2 c6 6.Nc3 d5 7.cxd5 cxd5 8.O-O Ne4
9.Qb3 Nc6 10.e3 Na5 11.Qb4 f5 12.Nd2 e6 13.Ndxe4 fxe4 14.Bd2 Nc4 15.Nxe4 a5
16.Qb3 b5 17.Qxb5 Ba6 18.Qc6 dxe4 19.Qxe6+ Kh8 20.Bc3 Re8 21.Qg4 Qd5 22.Rfe1
Bb7 23.b3 Na3 24.Rac1 Rac8 25.Bf1 a4 26.Bb2 Qd6 27.bxa4 Qb4 28.Bxa3 Qxa3
29.Bb5 {#R} 0-1

[Event "Ch Africa"]
[Site "Windhoek (Namibia)"]
[Date "2007.09.07"]
[Round "7"]
[White "Adly Ahmed (EGY)"]
[Black "Steel H"]
[Result "1-0"]
[WhiteElo "2494"]
[BlackElo "2200"]

1.d4 Nf6 2.Nf3 g6 3.c4 Bg7 4.g3 c6 5.Bg2 O-O 6.O-O d5 7.cxd5 cxd5 8.Nc3 Ne4
9.Ng5 Nc6 10.Ngxe4 dxe4 11.d5 Nd4 12.Nxe4 Bg4 13.Nc3 Rc8 14.f3 Bd7 15.Be3 e5
16.Bf2 Qb6 17.Qd2 Qa6 18.Rfe1 Ba4 19.Rac1 Bb5 20.e3 Rxc3 21.Rxc3 Ne2+ 22.Rxe2
Bxe2 23.e4 f5 24.Bc5 Rd8 25.Be7 Rd7 26.d6 Bc4 27.b3 Be6 28.exf5 gxf5 29.Bh3
Kf7 30.Qg5 Rxd6 31.Bxd6 Qxd6 32.Bxf5 Qd4+ 33.Re3 {#r} 1-0

[Event "It (open)"]
[Site "Zdar nad Sazavou (Czech Republic)"]
[Date "2007.09.25"]
[Round "4"]
[White "Jirka Jiri (CZE)"]
[Black "Konopka Michal (CZE)"]
[Result "0-1"]
[WhiteElo "2385"]
[BlackElo "2433"]

1.d4 d5 2.Nf3 c6 3.g3 Nf6 4.c4 g6 5.Bg2 Bg7 6.cxd5 cxd5 7.Ne5 O-O 8.Nc3 e6
9.O-O Nfd7 10.f4 Nc6 11.Be3 Nb6 12.Bf2 Bd7 13.g4 Be8 14.a4 Rc8 15.Qb3 a5 16.f5
Nc4 17.Nf3 Nb4 18.Rad1 exf5 19.gxf5 Bd7 20.fxg6 hxg6 21.e4 Be6 22.exd5 Nxd5
23.Ne4 Nf4 24.Nfg5 Bd5 25.Qf3 Nxg2 26.Qxg2 f6 27.Nf3 f5 28.Qxg6 Rc6 29.Qg3
fxe4 {#R} 0-1

[Event "It (cat.3)"]
[Site "Andratx (Spain)"]
[Date "2007.10.10"]
[Round "3"]
[White "Massanet Massanet Sebastian (ESP)"]
[Black "Cortes Eduardo (MEX)"]
[Result "1-0"]
[WhiteElo "2208"]
[BlackElo "2106"]

1.d4 d5 2.Nf3 Nf6 3.g3 g6 4.Bg2 Bg7 5.O-O O-O 6.c4 c6 7.cxd5 cxd5 8.Ne5 Nc6
9.Nxc6 bxc6 10.Nc3 Bf5 11.Na4 Re8 12.Bf4 Nd7 13.Rc1 Rc8 14.Be3 Nb6 15.Nxb6
Qxb6 16.b3 Qa5 17.a4 Qb4 18.h3 h5 19.Kh2 Bd7 20.f4 Rb8 21.f5 Qxb3 22.fxg6 fxg6
23.Qd2 Qb2 24.Rc2 Qb4 25.Qd3 Kh7 26.Bg1 Qxa4 27.e4 Rf8 28.Rfc1 Rb3 29.Qd1 e5
30.exd5 exd4 31.dxc6 Be6 32.Be4 Be5 33.Qxh5+ {#r} 1-0

[Event "Ch Croatia (team) (w)"]
[Site "Sibenik (Croatia)"]
[Date "2007.10.14"]
[Round "2"]
[White "Macek Vlasta (CRO)"]
[Black "Krivec Jana (SLO)"]
[Result "0-1"]
[WhiteElo "2246"]
[BlackElo "2315"]

1.d4 Nf6 2.c4 g6 3.Nc3 Bg7 4.Nf3 O-O 5.g3 c6 6.Bg2 d5 7.cxd5 cxd5 8.O-O Ne4
9.Qb3 Nc6 10.e3 Na5 11.Qc2 Nxc3 12.Qxc3 Bf5 13.Bd2 b6 14.Rfc1 Rc8 15.Qb4 Nc4
16.Be1 Qd7 17.a4 Be4 18.Bc3 h5 19.Ne5 Nxe5 20.Bxe4 Nc6 {#R} 0-1

[Event "It (open)"]
[Site "Calvia (Spain)"]
[Date "2007.10.16"]
[Round "2"]
[White "Ramon Sanchez Campins Pedro (ESP)"]
[Black "Thomassen Thomas (NOR)"]
[Result "0-1"]
[WhiteElo "1660"]
[BlackElo "2041"]

1.Nf3 d5 2.d4 Nf6 3.g3 g6 4.Bg2 Bg7 5.O-O O-O 6.Ne5 Nbd7 7.c4 Nxe5 8.dxe5 Ng4
9.cxd5 Nxe5 10.Nc3 c6 11.Qb3 cxd5 12.Bxd5 e6 13.Bg2 Qe7 14.Na4 Rb8 15.Bd2 b5
16.Rac1 Bb7 17.Nc5 Bxg2 18.Kxg2 Rfc8 19.Na6 Qb7+ {#R} 0-1

[Event "It (open)"]
[Site "Calvia (Spain)"]
[Date "2007.10.17"]
[Round "3"]
[White "Sibilio Mario (ITA)"]
[Black "Wahl Peter (SUI)"]
[Result "1-0"]
[WhiteElo "2381"]
[BlackElo "2100"]

1.d4 Nf6 2.c4 g6 3.g3 Bg7 4.Bg2 O-O 5.Nf3 d5 6.O-O c6 7.cxd5 cxd5 8.Ne5 Nbd7
9.Nc3 e6 10.Bf4 Nh5 11.Nxd7 Qxd7 12.Be3 b6 13.Bf3 Nf6 14.Qd2 Re8 15.Bh6 Bh8
16.Rfd1 Bb7 17.Qd3 Rec8 18.h4 Ne8 19.h5 f5 20.hxg6 hxg6 21.Rac1 Nf6 22.Bf4 Ne4
23.Bxe4 dxe4 24.Qe3 Rc4 25.Be5 Bxe5 26.dxe5 Qg7 27.Qg5 Rc5 28.Rd6 Rxe5 29.Rcd1
Bd5 30.Nxd5 Rxd5 31.R1xd5 exd5 32.Rxg6 {#r} 1-0

[Event "It (open)"]
[Site "Calvia (Spain)"]
[Date "2007.10.21"]
[Round "7"]
[White "Sibilio Mario (ITA)"]
[Black "Givon Asaf (ISR)"]
[Result "0-1"]
[WhiteElo "2381"]
[BlackElo "1895"]

1.Nf3 Nf6 2.g3 g6 3.d4 Bg7 4.Bg2 O-O 5.O-O d5 6.c4 c6 7.cxd5 cxd5 8.Ne5 Ng4
9.f4 Nxe5 10.fxe5 Nc6 11.Nc3 Be6 12.Kh1 Qa5 13.e3 Rad8 14.Bd2 Qa6 15.Rc1 Nb4
16.Qb3 Nd3 17.Rb1 Qc4 18.Qxb7 Rb8 19.Qxa7 Nxb2 20.Qa3 Nd3 21.Qxe7 Rxb1 22.Rxb1
Nf2+ 23.Kg1 Qd3 24.Rb2 Nh3+ 25.Kh1 Bg4 26.Qb4 Bf3 27.Rb1 Qxd2 {#R} 0-1

[Event "Ch Russia (students) (open)"]
[Site "Novokuznetsk (Russia)"]
[Date "2007.10.22"]
[Round "1"]
[White "Zablotsky Sergei (RUS)"]
[Black "Bannikova Anastasia (RUS)"]
[Result "1-0"]
[WhiteElo "2518"]
[BlackElo "2170"]

1.Nf3 d5 2.g3 g6 3.Bg2 Nf6 4.O-O Bg7 5.c4 c6 6.cxd5 cxd5 7.d4 O-O 8.Ne5 Bf5
9.Nc3 Nc6 10.Nxc6 bxc6 11.Bf4 Nh5 12.Be3 Qd7 13.Na4 Bh3 14.Nc5 Qc8 15.Qa4 Bxg2
16.Kxg2 e5 17.Rac1 f5 18.dxe5 f4 19.Bd2 Bxe5 20.Nd3 Qf5 21.Nxe5 Qxe5 22.Bc3
Qe6 23.Qd4 Rf6 24.f3 Raf8 25.g4 Ng7 26.Qxa7 R6f7 27.Qf2 Ne8 28.Bb4 Nf6 29.Bxf8
Rxf8 30.Rfe1 d4 31.Qxd4 Nd5 32.Kh1 {#r} 1-0

[Event "Ch Russia (students) (open)"]
[Site "Novokuznetsk (Russia)"]
[Date "2007.10.25"]
[Round "4"]
[White "Nigametzianov Mikhail (RUS)"]
[Black "Petukhov Dmitry (RUS)"]
[Result "1-0"]
[WhiteElo "2372"]
[BlackElo "2301"]

1.d4 Nf6 2.c4 g6 3.Nf3 Bg7 4.g3 c6 5.Bg2 O-O 6.O-O d5 7.cxd5 cxd5 8.Nc3 Nc6
9.Ne5 e6 10.f4 Nd7 11.Be3 f6 12.Nxd7 Bxd7 13.Bf2 Ne7 14.Qb3 Bc6 15.e4 Kh8
16.Rfe1 dxe4 17.Bxe4 Nd5 18.Bg2 Qd7 19.Re2 g5 20.fxg5 Nxc3 21.bxc3 Bxg2
22.Kxg2 Qc6+ 23.Kg1 fxg5 24.Rxe6 Qf3 25.Rf1 Rae8 26.Rxe8 Rxe8 27.c4 Qg4 28.d5
b6 29.Qd3 h5 30.Qd1 Qh3 31.Bd4 Qg4 32.Bxg7+ Kxg7 33.Qa1+ {#r} 1-0

[Event "Ch Madrid (A)"]
[Site "Madrid (Spain)"]
[Date "2007.11.13"]
[Round "5"]
[White "Alvarez Abejon Amilcar (ESP)"]
[Black "Perez Cameselle Francisco (ESP)"]
[Result "1-0"]
[WhiteElo "2076"]
[BlackElo "1997"]

1.c4 g6 2.g3 Bg7 3.Bg2 c6 4.Nf3 d5 5.O-O Nf6 6.d4 O-O 7.cxd5 cxd5 8.Nc3 Nc6
9.Ne5 Nxe5 10.dxe5 Ng4 11.Nxd5 Nxe5 12.Bg5 Nc6 13.Rc1 f6 14.Bd2 Be6 15.Bc3 Bf7
16.Qb3 Qb8 17.Rfd1 b5 18.Qa3 a5 19.Qc5 Ra6 20.Nxe7+ Nxe7 21.Qxe7 Re8 22.Qd7
Rxe2 23.Bxf6 Re8 24.Bd5 Rxf6 25.Rc7 Rf8 26.Bc6 Qe8 27.Bxb5 Qxd7 28.Rdxd7 Rb6
29.Bc4 Rxb2 30.Bxf7+ Rxf7 31.Rxf7 Bd4 32.Rfd7 {#r} 1-0

[Event "Czech League 2007/08 (2nd) (f)"]
[Site "Czech Republic"]
[Date "2007.11.18"]
[Round "4"]
[White "Pertlova Sona (CZE)"]
[Black "Vavra Pavel (CZE)"]
[Result "1-0"]
[WhiteElo "2169"]
[BlackElo "2125"]

1.d4 d5 2.c4 c6 3.Nf3 Nf6 4.g3 g6 5.Bg2 Bg7 6.Nc3 O-O 7.cxd5 cxd5 8.Ne5 e6
9.O-O Nbd7 10.f4 a6 11.a4 Nxe5 12.fxe5 Nd7 13.e4 dxe4 14.Nxe4 f6 15.exf6 Nxf6
16.Bg5 h6 17.Nxf6+ Bxf6 18.Bxf6 Rxf6 19.Rxf6 Qxf6 20.Qd2 Bd7 21.Bxb7 Rb8
22.Bxa6 Bc6 23.Rf1 Qg7 24.Bc4 Bxa4 25.Bxe6+ Kh8 26.Rf7 {#r} 1-0

[Event "Tournament (weekend) (a)"]
[Site "Gorgonzola (Italy)"]
[Date "2007.11.18"]
[Round "6"]
[White "Bonazzi Edoardo (ITA)"]
[Black "Berni Fabrizio (ITA)"]
[Result "1-0"]
[WhiteElo "2166"]
[BlackElo "2156"]

1.Nf3 Nf6 2.c4 g6 3.Nc3 Bg7 4.g3 O-O 5.Bg2 c6 6.O-O d5 7.cxd5 cxd5 8.d4 e6
9.Bf4 Nc6 10.Ne5 Nd7 11.Nxc6 bxc6 12.Na4 Ba6 13.Rc1 Bb5 14.Nc5 Nxc5 15.Rxc5
Qa5 16.a3 Qb6 17.Be3 Bc4 18.Qd2 Rfe8 19.Rc1 a5 20.R5xc4 dxc4 21.Rxc4 Rec8
22.d5 Qxb2 23.Qxb2 Bxb2 24.dxc6 Ra6 25.c7 {#r} 1-0

[Event "Ch World (juniors) (under 18)"]
[Site "Kemer (Turkey)"]
[Date "2007.11.19"]
[Round "2"]
[White "Pena Alfredo (COL)"]
[Black "Bakos Balazs (HUN)"]
[Result "0-1"]
[WhiteElo "2249"]
[BlackElo "2401"]

1.d4 Nf6 2.g3 g6 3.Bg2 d5 4.c4 c6 5.cxd5 cxd5 6.Nf3 Bg7 7.Ne5 O-O 8.Nc3 e6
9.O-O Nfd7 10.f4 f6 11.Nd3 f5 12.e3 Nc6 13.g4 Nf6 14.g5 Ne4 15.Bd2 b6 16.Ne1
Ba6 17.h4 Rc8 18.Rf3 h5 19.gxh6 Bxh6 20.Rh3 Rf7 21.h5 g5 22.fxg5 Bxg5 {#R} 0-1

[Event "Cup Governor's"]
[Site "Khanty Mansyisk (Russia)"]
[Date "2007.11.24"]
[Round "6"]
[White "Stavskaya Olga (RUS)"]
[Black "Musin Azat (RUS)"]
[Result "1-0"]
[WhiteElo "2045"]
[BlackElo "1851"]

1.d4 c6 2.Nf3 Nf6 3.g3 g6 4.Bg2 Bg7 5.c4 d5 6.O-O O-O 7.cxd5 cxd5 8.Nc3 Nc6
9.Ne5 e6 10.Nxc6 bxc6 11.Na4 Nd7 12.Bf4 e5 13.dxe5 Nxe5 14.Rc1 Bd7 15.e4 Nc4
16.b3 Nb6 17.Nxb6 axb6 18.exd5 cxd5 19.Qxd5 Rxa2 20.Rfd1 Ra7 21.Bh3 Qf6
22.Bxd7 h6 23.Rc8 Ra2 24.Rxf8+ Bxf8 25.Qe5 Qd8 26.Be3 Qa8 27.Bd4 {#r} 1-0

[Event "Match (team) (juniors)"]
[Site "Oslo (Norway)"]
[Date "2007.12.02"]
[Round "3"]
[White "Glud Jacob Vang (DEN)"]
[Black "Savickas Airidas (LTU)"]
[Result "0-1"]
[WhiteElo "2448"]
[BlackElo "2368"]

1.d4 Nf6 2.Nf3 g6 3.g3 Bg7 4.Bg2 O-O 5.O-O c5 6.c3 cxd4 7.cxd4 d5 8.Nc3 b6
9.Ne5 Bb7 10.Qa4 Ne4 11.Nxe4 dxe4 12.Rd1 f6 13.Nc4 Bd5 14.Ne3 e6 15.Nxd5 exd5
16.f3 f5 17.fxe4 dxe4 18.Bf4 Nd7 19.Rac1 Nf6 20.Rc6 Rf7 21.e3 Nh5 22.Be5 Rc8
23.Rdc1 Rxc6 24.Qxc6 Bxe5 25.dxe5 Qd2 26.e6 Qxe3+ 27.Kh1 Re7 28.b4 Nf6 29.h3
Qxg3 30.Qc8+ Kg7 31.Rc6 Qe5 32.Qd8 Rxe6 33.Rc7+ Kh6 34.Qf8+ Kh5 {#R} 0-1

[Event "It (open) (juniors) (under 16)"]
[Site "Benidorm (Spain)"]
[Date "2007.12.05"]
[Round "2"]
[White "Zabala Perez Aritz (ESP)"]
[Black "Lillo Castan Victor (ESP)"]
[Result "0-1"]
[WhiteElo "1862"]
[BlackElo "2069"]

1.Nf3 Nf6 2.g3 c5 3.Bg2 g6 4.c3 Bg7 5.d4 cxd4 6.cxd4 O-O 7.O-O d5 8.Nc3 Nc6
9.Ne5 Bf5 10.Be3 Nxe5 11.dxe5 Ng4 12.Nxd5 Nxe5 13.Qb3 e6 14.Nc3 Qa5 15.h3 h5
16.Bg5 Nc6 17.e4 Bxh3 18.Bxh3 Qxg5 19.Nb5 a6 20.Nc7 Nd4 21.Qxb7 Rfb8 22.Qxa8
Rxa8 23.Nxa8 Qd8 24.Bg2 Qxa8 25.Rad1 Qd8 26.b3 Qa5 {#R} 0-1

[Event "Ch City"]
[Site "Voronezh (Russia)"]
[Date "2007.12.07"]
[Round "4"]
[White "Lukovnikov Alexander (RUS)"]
[Black "Morozov Evgeny (RUS)"]
[Result "0-1"]
[WhiteElo "2363"]
[BlackElo "2291"]

1.d4 Nf6 2.Nf3 g6 3.g3 Bg7 4.Bg2 d5 5.O-O O-O 6.c4 c6 7.cxd5 cxd5 8.Nc3 e6
9.Bf4 Ne4 10.Nxe4 dxe4 11.Ne5 f6 12.Nc4 f5 13.Bd6 Re8 14.Be5 Nc6 15.Bxg7 Kxg7
16.e3 b5 17.Na3 b4 18.Nc4 Ba6 19.Rc1 Qd5 20.b3 Rad8 21.Qc2 e5 22.dxe5 Nxe5
23.Nxe5 Qxe5 24.Rfd1 Qc3 25.Rxd8 Rxd8 26.Qxc3+ bxc3 27.f3 Be2 28.Kf2 Rd2
29.fxe4 Bd3+ 30.Ke1 Re2+ {#R} 0-1

[Event "Ch Norway (team) 2007/08"]
[Site "Norway"]
[Date "2008.01.11"]
[Round "4"]
[White "Ekeberg Carl Fredrik (NOR)"]
[Black "Royset Paal (NOR)"]
[Result "1-0"]
[WhiteElo "2342"]
[BlackElo "2235"]

1.Nf3 Nf6 2.c4 g6 3.Nc3 Bg7 4.g3 O-O 5.Bg2 c6 6.O-O d5 7.cxd5 cxd5 8.d4 Nc6
9.Ne5 Nxe5 10.dxe5 Ng4 11.Nxd5 Nxe5 12.Bg5 f6 13.Be3 e6 14.Nc3 Qe7 15.Qb3 Kh8
16.Rac1 Ng4 17.Bd4 a6 18.Na4 Rd8 19.Bb6 Re8 20.Bc5 Qf7 21.Nb6 Rb8 22.Bd6 {#r}
1-0

[Event "It (open)"]
[Site "Cappelle la Grande (France)"]
[Date "2008.02.18"]
[Round "3"]
[White "Denijs Alex (BEL)"]
[Black "Yandemirov Valeri (RUS)"]
[Result "0-1"]
[WhiteElo "2278"]
[BlackElo "2461"]

1.d4 Nf6 2.c4 g6 3.Nf3 Bg7 4.g3 c6 5.Bg2 O-O 6.O-O d5 7.cxd5 cxd5 8.Ne5 e6
9.Nc3 Nfd7 10.Nxd7 Qxd7 11.b3 Nc6 12.e3 b6 13.Ba3 Rd8 14.Re1 Ba6 15.Bf1 Bxf1
16.Rxf1 e5 17.Ne2 exd4 18.Nxd4 Nxd4 19.exd4 Re8 20.Bb2 h5 21.Qd3 Re4 22.f3 Re6
23.Rae1 Rae8 24.Rxe6 Qxe6 25.Kg2 h4 26.Bc3 Qe3 27.Qb5 Rc8 {#R} 0-1

[Event "Ch Bulgaria (1/2 final) (w)"]
[Site "Plovdiv (Bulgaria)"]
[Date "2008.02.18"]
[Round "7"]
[White "Vasileva Veronik (BUL)"]
[Black "Ivanova Simoneta (BUL)"]
[Result "0-1"]
[WhiteElo "1570"]
[BlackElo "1678"]

1.d4 Nf6 2.Nf3 g6 3.g3 Bg7 4.Bg2 O-O 5.O-O d5 6.c4 c6 7.cxd5 cxd5 8.Ne5 Nc6
9.Nxc6 bxc6 10.Nc3 Bf5 11.Be3 Re8 12.Re1 e5 13.dxe5 Rxe5 14.Bd4 Re8 15.f3 Qc7
16.Rc1 Be6 17.e4 dxe4 18.Nxe4 Nxe4 19.Rxe4 Rad8 20.Qa4 Bxd4+ 21.Rxd4 Qb6
22.Rd1 Rxd4 23.Qxd4 Rd8 24.Qxb6 Rxd1+ 25.Kf2 axb6 {#R} 0-1

[Event "Ch SibFO "]
[Site "Novokuznetsk (Russia)"]
[Date "2008.03.13"]
[Round "1"]
[White "Andreev Afrikan (RUS)"]
[Black "Alimov Alexander (RUS)"]
[Result "1-0"]
[WhiteElo "2293"]
[BlackElo "2023"]

1.d4 Nf6 2.c4 g6 3.g3 c6 4.Bg2 d5 5.Nf3 Bg7 6.O-O O-O 7.cxd5 cxd5 8.Ne5 Be6
9.Nc3 Nc6 10.Nxc6 bxc6 11.Na4 Nd7 12.Bf4 Qa5 13.Rc1 Rac8 14.a3 c5 15.dxc5 Nxc5
16.Rxc5 Rxc5 17.b4 Qa6 18.Nxc5 Qxa3 19.Nxe6 fxe6 20.Bh3 {#r} 1-0

[Event "Ch Poland (juniors) (under 18)"]
[Site "Leba (Poland)"]
[Date "2008.04.02"]
[Round "7"]
[White "Rawicz Karol (POL)"]
[Black "Plonczak Dominik (POL)"]
[Result "0-1"]
[WhiteElo "2242"]
[BlackElo "2148"]

1.Nf3 d5 2.g3 Nf6 3.Bg2 g6 4.O-O Bg7 5.d4 O-O 6.c4 c6 7.Ne5 Nbd7 8.Nc3 Nxe5
9.dxe5 Ng4 10.cxd5 cxd5 11.f4 Qb6+ 12.Kh1 Be6 13.Qd3 d4 14.Na4 Qb4 15.b3 Bf5
16.Bd2 Bxd3 17.Bxb4 Bxe2 18.Rfe1 Bb5 19.Bxe7 Rfe8 20.Bd6 Rac8 21.Nc5 b6 22.a4
Bc6 23.Ne4 Ne3 24.Rxe3 dxe3 25.Re1 f5 26.exf6 Bxe4 27.fxg7 Bxg2+ 28.Kxg2 Rc2+
29.Kf3 Rf2+ 30.Kg4 e2 {#R} 0-1